Tribunales constitucionales europeos y autonomías territoriales / (Record no. 46387)

MARC details
000 -LEADER
campo de control de longitud fija 00752nam a2200205 i 4500
001 - NÚMERO DE CONTROL
campo de control 46387
003 - IDENTIFICADOR DE NÚMERO DE CONTROL
campo de control ES-MaACL
005 - FECHA Y HORA DE LA ÚLTIMA TRANSACCIÓN
campo de control 20230906161355.0
007 - CAMPO FIJO DE DESCRIPCIÓN FÍSICA--INFORMACIÓN GENERAL
campo de control de longitud fija t|
008 - DATOS DE LONGITUD FIJA--INFORMACIÓN GENERAL
campo de control de longitud fija 030328s1985 sp ||||1| spa d
020 ## - NÚMERO INTERNACIONAL ESTÁNDAR DEL LIBRO
Número Internacional Estándar del Libro 84-259-0736-5
111 2# - ENTRADA PRINCIPAL--NOMBRE DE CONGRESO/REUNIÓN
Nombre de congreso/reunión o jurisdicción como elemento de entrada Conferencia de Tribunales Constitucionales Europeos (
Número del congreso/reunión o número de parte o sección 6º.
Fecha del congreso o de la firma del tratado 1984.
Sede del congreso/Lugar de la reunión Madrid)
9 (RLIN) 196
245 10 - MENCIÓN DEL TÍTULO
Título Tribunales constitucionales europeos y autonomías territoriales /
Mención de responsabilidad, etc. VI Conferencia de Tribunales Constitucionales europeos, 1984.
260 ## - PUBLICACIÓN, DISTRIBUCIÓN, ETC.
Lugar de publicación, distribución, etc. Madrid :
Nombre del editor, distribuidor, etc. Centro de Estudios Constitucionales, Tribunal Constitucional,
Fecha de publicación, distribución, etc. 1985.
300 ## - DESCRIPCIÓN FÍSICA
Extensión 593 p. ;
Dimensiones 21 cm.
490 1# - MENCIÓN DE SERIE
Mención de serie Estudios constitucionales
830 0# - PUNTO DE ACCESO ADICIONAL DE SERIE-TÍTULO UNIFORME
Título uniforme Estudios constitucionales
9 (RLIN) 180617
852 ## - LOCALIZACIÓN
Ubicación ES-MaACL
Número de control de estantería L-10085
Holdings
Estatus retirado Estado de pérdida Estado de daño No para préstamo Biblioteca de origen Biblioteca actual Ubicación en estantería Fecha de adquisición Fuente de adquisición Total de préstamos Signatura topográfica completa Código de barras Visto por última vez Precio de reemplazo Tipo de ítem Koha
        Biblioteca del Ateneo de Madrid Biblioteca del Ateneo de Madrid Depósito 2 17/01/2008     L-10085 1048787 23/02/2023 23/02/2023 Libro impreso